000 01195nam a22003377a 4500
003 CHAP
005 20220329135116.0
008 971013s1978 r 00010 d
010 _a31053
011 _a32025
035 _a36137
040 _cCHAP
082 _a633
_bL6 1978
100 0 0 _aLockhart, J. A. R.
_967411
245 _aIntroduction to crop husbandry
250 _a4 ed.
260 _aOxford :
_bPergamon Press,
_c1978
300 _a316 p.
_b: ilus.
490 _aPergamon international library of science, technology, engineering and social studies
590 _aBATCH-UPD
_b10
_c20130110
_lUCH01
_h0058
590 _aBATCH-UPD
_b10
_c20130110
_lUCH01
_h1814
590 _aCONVERSION
_b10
_c20130109
_lUCH01
_h1318
650 1 4 _aCultivos.
_930221
700 0 _aWiseman, A. J. L.
_9122332
830 0 _aPergamon international library of science, technology, engineering and social studies
_987157
901 _aBK
942 _cLIBRO
949 _a633 L6 1978
_bBC
_cLIBRO
_d33724000188892
_eLIBRO
_h17940
_i36137
_si
949 _a633 L6 1978
_bBC
_cLIBRO
_d33724000188900
_eLIBRO
_fc.2
_h53264
_i36137
_si
949 _a633 L6 1978
_bBC
_cLIBRO
_d33724000188918
_eLIBRO
_fc.3
_h53411
_i36137
_si
999 _c31053
_d31053